Famous Dons Quiz - Statistics

General Stats
  • This quiz has been taken 186 times
    76 since last reset
  • The average score is 10 of 20
Answer Stats
Clue Answer % Correct
Twitter's most controversial user Donald Trump
87%
The man of La Mancha Don Quixote
75%
Disco singer of "MacArthur Park" and "Hot Stuff" Donna Summer
72%
Singer whose siblings include Jimmy, Marie and Alan Donny Osmond
69%
Fashion designer whose brothers include Gianni and Santo Donatella Versace
67%
He portrayed James Crockett in "Miami Vice" Don Johnson
63%
Boxing promoter and convicted killer Don King
60%
"Hotel Rwanda" actor who starred as War Machine Don Cheadle
57%
Drummer of the rock band "Eagles" Don Henley
57%
U.S. Secretary of Defense under George W. Bush's administration for almost 6 years Donald Rumsfeld
46%
Fictional teenage who meets a scary rabbit man Donnie Darko
45%
"Atlanta" star whose musical stage name is Childish Gambino Donald Glover
43%
Handsome ad exec of "Mad Men" Don Draper
36%
Greatest cricketer of all time Donald Bradman
34%
"It's a Wonderful Life" actress and ideal 1950s housewife Donna Reed
33%
President Coriolanus Snow's actor Donald Sutherland
30%
King of the insult comics Don Rickles
27%
Former President of the European Council and current Polish prime minister Donald Tusk
22%
Undercover name of the FBI agent who worked in the Bonanno crime family Donnie Brasco
21%
Notable quarterback of Philadelphia Eagles Donovan McNabb
16%
No matching quizzes found
Score Distribution
Percent of People with Each Score
Percentile by Number Answered
Your Score History
You have not taken this quiz since the last reset